• 首页
  • 本馆介绍
  • 公告通知
  • 最新文献
  • 馆藏检索
  • 电子资源
  • 读者导购
  • 参考咨询
  • 我的图书馆
  • 登录
  • 详细信息显示
  • 放入我的书架
  • 预约/预借图书
  • 作者相关作品
  • 分类相关作品
  • 丛书相关作品
  • 出版社相关作品

书目信息

  • 表格格式
  • 工作单格式
  • 卡片格式
题名:
村上春树与后现代日本
    
 
作者: 三浦玲一 著 ;陈明霞 译
分册:  
出版信息: 武汉   华中科技大学出版社  2016
页数: 166页
开本: 21cm
丛书名:
单 册:
中图分类: I313.065
科图分类:
主题词:
电子资源:
ISBN: 978-7-5680-1586-8
000 01006nam0 22002411 450
001 0109172453
005 20170309172453.0
010    @a978-7-5680-1586-8@dCNY32.00
100    @a20160523d2016 em y0chiy50 ea
101 1  @achi@cjpn
102    @aCN@b420000
105    @ay z 000yy
106    @ar
200 1  @a村上春树与后现代日本@9cun shang chun shu yu hou xian dai ri ben@f(日)三浦玲一著@g陈明霞译
210    @a武汉@c华中科技大学出版社@d2016
215    @a166页@d21cm
330    @a在全球化背景下,三浦玲一通过对全球化文化与文学、后现代日本文化及美国现代主义小说特点的分析,总结了村上春树作品与文化现象的后现代主义特点与意义,探讨了诸如纯文学的分野、全球化及自由主义对文学的影响、村上春树作品与后现代日本文化的关系等诸多议题。
600  0 @a村上春树@Acun shang chun shu@f(1949- )@x文学研究
690    @aI313.065@v5
701  0 @c(日)@a三浦玲一@9san pu ling yi@f(1965~)@4著
702  0 @a陈明霞@9chen ming xia@c(日语翻译)@4译
801  0 @aCN@bTANGWEI@c20170308
905    @b0953852-5@dI313.065@e347@f4
    
    村上春树与后现代日本/(日)三浦玲一著/陈明霞译.-武汉:华中科技大学出版社,2016
    166页;21cm
    
    
    ISBN 978-7-5680-1586-8:CNY32.00
    在全球化背景下,三浦玲一通过对全球化文化与文学、后现代日本文化及美国现代主义小说特点的分析,总结了村上春树作品与文化现象的后现代主义特点与意义,探讨了诸如纯文学的分野、全球化及自由主义对文学的影响、村上春树作品与后现代日本文化的关系等诸多议题。
●
相关链接 在E读中查询图书 在五车中查询图书 在当当中查询图书 在豆瓣中查询图书


正题名:村上春树与后现代日本     索取号:I313.065/347         预约/预借

序号 登录号 条形码 馆藏地/架位号 状态 备注
1 0953852   209538525   第一样本阅览室/ [索取号:I313.065/347] 在馆    
2 0953853   209538534   第二借阅区/ [索取号:I313.065/347] 在馆    
3 0953854   209538543   第二借阅区/ [索取号:I313.065/347] 在馆    
4 0953855   209538552   第二借阅区/ [索取号:I313.065/347] 在馆    
唐山师范学院图书馆 欢迎您!
大连网信软件有限公司© 版权所有